000 00516nam a22001817a 4500
005 20251108170101.0
008 250721s1986 xx 000 0 ara d
082 1 4 _aط/ق/ديز
100 1 _aديزني، والت
245 1 0 _aبطوط و الكوكب الذري /
264 1 _aالقاهرة :
_bدار المعارف،
_c1986.
300 _a126ص : مص
490 0 _aميكي و بطوط
650 1 7 _aأدب الأطفال
650 1 7 _aالقصص العربية
942 _2ddc
_cBK
999 _c39348
_d39348